|
000
|
00863oam2 2200289 45
|
|
001
|
1480
|
|
005
|
20091117093305.0
|
|
010
|
|
@a978-7-5449-0532-9@dCNY15.60
|
|
100
|
|
@a20091125d2009 ekmy0chiy0120 ea
|
|
101
|
0
|
@achi
|
|
102
|
|
@aCN@b220000
|
|
105
|
|
@ay z 000yy
|
|
106
|
|
@ar
|
|
200
|
1
|
@a林木杂交技术@ALin Mu Za Jiao Ji Shu@f周振和主编@FZhou Zhen He Zhu Bian
|
|
210
|
|
@a延吉@c延边人民出版社@d2009
|
|
215
|
|
@a104页@d19cm
|
|
225
|
2
|
@a农村高科技实用技术
|
|
330
|
|
@a本书主要讲述了林木杂交技术应用,常见树种的杂交技术,林木常见病虫害及防治技术,林木杂产新品种介绍等内容。
|
|
461
|
0
|
@12001 @a农村高科技实用技术
|
|
606
|
0
|
@a林木@x杂交育种
|
|
606
|
0
|
@a杂交育种
|
|
606
|
0
|
@a林木
|
|
690
|
|
@aS7@v4
|
|
701
|
0
|
@a周振和@AZhou Zhen He@4主编
|
|
801
|
0
|
@aCN@bBJHZTJ@c20091201
|
|
905
|
|
@dS7@e153 @f10
|
|
999
|
|
@a
|
|
|
|
|
| |
| 林木杂交技术/周振和主编.-延吉:延边人民出版社,2009 |
| 104页;19cm.-(农村高科技实用技术) |
| |
| |
| ISBN 978-7-5449-0532-9:CNY15.60 |
| 本书主要讲述了林木杂交技术应用,常见树种的杂交技术,林木常见病虫害及防治技术,林木杂产新品种介绍等内容。 |
| ● |
正题名:林木杂交技术
索取号:S7/153
 
预约/预借
| 序号
|
登录号
|
条形码
|
馆藏地/架位号
|
状态
|
备注
|
|
1
|
281940
|
300281940
|
柳城-4楼/24架3列5层/
[索取号:S7/153]
|
在馆
|
|
|
2
|
281941
|
300281941
|
柳城-4楼/24架3列5层/
[索取号:S7/153]
|
在馆
|
|
|
3
|
281942
|
300281942
|
海科密-1楼/60架4列3层/
[索取号:S7/153]
|
在馆
|
|
|
4
|
281943
|
300281943
|
柳城-4楼/24架3列5层/
[索取号:S7/153]
|
在馆
|
|
|
5
|
281944
|
300281944
|
海科密-1楼/60架5列7层/
[索取号:S7/153]
|
在馆
|
|
|
6
|
281945
|
300281945
|
海科密-1楼/60架4列3层/
[索取号:S7/153]
|
在馆
|
|
|
7
|
281946
|
300281946
|
海科密-1楼/59架6列5层/
[索取号:S7/153]
|
在馆
|
|
|
8
|
281947
|
300281947
|
海科密-1楼/59架6列5层/
[索取号:S7/153]
|
在馆
|
|
|
9
|
281948
|
300281948
|
海科密-1楼/59架6列5层/
[索取号:S7/153]
|
在馆
|
|
|
10
|
281949
|
300281949
|
海科密-1楼/59架6列5层/
[索取号:S7/153]
|
在馆
|
|
|
11
|
383260
|
300383260
|
海科密-1楼/60架4列3层/
[索取号:S7/153]
|
在馆
|
|
|
12
|
383261
|
300383261
|
海科密-1楼/60架4列3层/
[索取号:S7/153]
|
在馆
|
|
|
13
|
383262
|
300383262
|
海科密-1楼/60架5列7层/
[索取号:S7/153]
|
在馆
|
|
|
14
|
383263
|
300383263
|
海科密-1楼/59架6列5层/
[索取号:S7/153]
|
在馆
|
|
|
15
|
383264
|
300383264
|
海科密-1楼/60架5列7层/
[索取号:S7/153]
|
在馆
|
|
|
16
|
383265
|
300383265
|
海科密-1楼/59架6列5层/
[索取号:S7/153]
|
在馆
|
|
|
17
|
383266
|
300383266
|
海科密-1楼/60架4列3层/
[索取号:S7/153]
|
在馆
|
|
|
18
|
383267
|
300383267
|
海科密-1楼/60架4列3层/
[索取号:S7/153]
|
在馆
|
|
|
19
|
383268
|
300383268
|
海科密-1楼/60架4列3层/
[索取号:S7/153]
|
在馆
|
|
|
20
|
383269
|
300383269
|
海科密-1楼/60架4列3层/
[索取号:S7/153]
|
在馆
|
|